| 000 | 00467nam a2200205Ia 4500 | ||
|---|---|---|---|
| 003 | OSt | ||
| 005 | 20230420144947.0 | ||
| 008 | 210423s2009 xx 000 0 und d | ||
| 020 | _a9780141045146 | ||
| 040 | _cAL | ||
| 041 | _aeng | ||
| 082 | _a823 AUSJ | ||
| 100 |
_aAUSTEN (Jane). _991104 |
||
| 245 | _aPersuasion. | ||
| 260 |
_aNew Delhi _bPenguin Books Ltd _c2009 |
||
| 300 |
_a377 _bPB |
||
| 365 |
_b199 _cINR |
||
| 906 | _aPersuasion. | ||
| 942 |
_2ddc _cBK |
||
| 999 |
_c160331 _d160331 |
||